[Event "Mitropa Cup 98"]
[Site "Portoroz"]
[Date "1998.07.05"]
[Round "2"]
[White "Lehner, Oliver"]
[Black "Stohl, Igor"]
[Result "0-1"]
[WhiteElo "2415"]
[BlackElo "2550"]
[PlyCount "69"]
[EventDate "1998.07.04"]

1. d4 Nf6 2. c4 e6 3. Nf3 b6 4. g3 Ba6 5. b3 b5 6. Bg2 bxc4 7. Ne5 Bb4+ 8. Bd2
cxb3 9. Qxb3 Bxd2+ 10. Nxd2 c6 11. O-O O-O 12. Rfc1 Bxe2 13. Qb7 Na6 14. Re1
Rb8 15. Qxa7 Ra8 16. Qb7 Rb8 17. Qa7 Ra8 18. Qb7 Bh5 19. Ndc4 Qb8 20. Reb1 Be2
21. Rb2 Bxc4 22. Nxc4 Qa7 23. Qxa7 Rxa7 24. Ne5 Nc7 25. Bf1 Rfa8 26. Rab1 Kf8
27. g4 Ke7 28. Rb7 Ne4 29. Bg2 Nc3 30. R1b4 f6 31. Nd3 Na6 32. Rb2 Ne2+ 33. Kf1
Nxd4 34. f4 Nc2 35. a4 {..(39)} 0-1

[Event "Mitropa Cup 98"]
[Site "Portoroz"]
[Date "1998.07.06"]
[Round "3"]
[White "Stohl, Igor"]
[Black "Kindermann, Stefan"]
[Result "1-0"]
[WhiteElo "2550"]
[BlackElo "2540"]
[PlyCount "53"]
[EventDate "1998.07.04"]

1. d4 f5 2. g3 Nf6 3. Bg2 g6 4. b3 Bg7 5. Bb2 d6 6. Nf3 O-O 7. O-O Ne4 8. Nbd2
Nxd2 9. Qxd2 Nc6 10. Ne1 Qe8 11. f4 e5 12. Bd5+ Kh8 13. dxe5 dxe5 14. Nd3 exf4
15. Bxg7+ Kxg7 16. Qxf4 Qe7 17. e4 Nd8 18. exf5 Rxf5 19. Rae1 Be6 20. Qe4 Rxf1+
21. Rxf1 c6 22. Bxe6 Qxe6 23. Qd4+ 23... Kg8 { } 24. Ne5 Qe7 25. Ng4 h6 26.
Nf6+ Kh8 27. Nd5+ 1-0